La Cesión del contrato administrativo. La subcontratación / Ernesto García-Trevijano Garnica
ISBN:
84-470-0950-5
Descripción Física:
117 p. ; 18 cm
Colección:
Cuadernos Civitas
MARC
| LEADER | 00000nam a2200000Ia 4500 | ||
|---|---|---|---|
| 001 | 13258 | ||
| 008 | 160829s1997 xx 000 0 cat d | ||
| 020 | |a 84-470-0950-5 | ||
| 080 | |a M-3-429 | ||
| 100 | |a García-Trevijano Garnica, Ernesto |9 18039 | ||
| 245 | |a La Cesión del contrato administrativo. La subcontratación / Ernesto García-Trevijano Garnica | ||
| 260 | |a Madrid : |b Civitas, |c 1997 | ||
| 300 | |a 117 p. ; |c 18 cm | ||
| 490 | |a Cuadernos Civitas | ||
| 650 | |a Contractes |x Espanya |9 32110 | ||
| 650 | |a Subcontractació |x Espanya |9 32111 | ||
| 901 | |a Arxiu | ||
| 942 | |n 1 | ||
| 952 | |0 0 |1 0 |4 0 |6 M3429 |7 1 |9 45874 |a Arxiu |b Arxiu |d 2016-12-01 |l 0 |o M-3-429 |p 13258 |r 2016-12-01 00:00:00 |w 2016-12-01 |y ARXIU | ||
| 999 | |c 49375 |d 49375 | ||